1534 1516 1237 1579 1868 1319 1855 1226 1970 1121 1715 1159 1970 1620 1900 1479 1427 1841 1571 1673 1485 1406 1233 1678 1298 1570 1136 1830 1681 1050 1069 1014 1525 1161 1274 1535 1828 1099 1573 1264 1577 1884 1564 1820 1162 1826 1400 1729 1694 1020 1725 1729 1496 1614 1606 1941 1713 1897 1538 1521 1587 1932 1186 1912 1550 1850 1488 1828 1406 1053 1319 1196 1819 1308 1810 1056 1177 1384 1648 1244 1227 1474 1672 1699 1743 1090 1747 1094 1379 1923 1233 1587 1968 1774 1265 1814 1112 1207 1589 BCNSPRNW ULIB Ver.6.0+V

เปลี่ยนเป็นภาษาไทย

Change to English
 แสดงรายละเอียดบรรณานุกรม
  กลับหน้าหลัก

Brief Record : Get Marc (ISO 2709) : E-mail record : QR code < ปิดหน้าต่าง
LEADER : 00000nam a2200000 a 4500
001    13399128085
003     ULIB
008    200814s2564 th a 000 0 tha d
020    ^a9786164342026
040    ^anss
041 1  ^atha^heng
060  0 ^aWM172^bบ871ว
100 1  ^aเบิร์นฮาร์ดท์, เคลาส์
245 10 ^aวิธีเอาชนะโรควิตกกังวลและอาการแพนิกเฉียบพลัน =^bPanikattacken undandere Angststorungen loswerden /^cเคลาส์ เบิร์นฮาร์ดท์, เขียน ;ปวีณา ชุณศาสตร์, แปล
246 31 ^aPanikattacken und andere Angststorungen loswerden
250    ^aพิมพ์ครั้งที่ 1
260    ^aกรุงเทพฯ :^bแอร์โรว์,^c2564
300    ^a192 หน้า :^bภาพประกอบ ;^c21 ซม.
500    ^aแปลจากต้นฉบับภาษาเยอรมัน
650  4 ^aโรคประสาทวิตกกังวล^xการรักษา
650  4 ^aโรคประสาทวิตกกังวล^xการวินิจฉัย
700 0  ^aปวีณา ชุณศาสตร์,^eผู้แปล
910    ^aSend to UC-Add Symbol
945    ^p220^l0^i29280
945    ^p220^l0^i29281
945    ^p220^l0^i29282
945    ^p220^l0^i29283
945    ^p220^l0^i29284
995    ^aกัณชพร จุลอักษร
999    ^aกัณชพร จุลอักษร
รายการนี้ยังไม่มีแท็ก
คุณยังไม่ได้ล็อกอิน คุณสามารถมีกิจกรรมร่วมกับเว็บไซต์ได้ แต่ต้องล็อกอินก่อน ::
  ล็อกอิน

รายการสื่อสารสนเทศ

ลำดับที่ ประเภท เลขเรียก/บาร์โค้ด สถานที่ สถานะ
1. หนังสือสำรอง
หนังสือสำรอง
WM172 บ871ว ฉ.1 
  Barcode: 29280
ห้องสมุดวิทยาเขตนครสวรรค์
►หนังสือทั่วไป:l:General Books
บนชั้น
2. วิทยาศาสตร์การแพทย์ และสุขภาพ
วิทยาศาสตร์การแพทย์ และสุขภาพ
WM172 บ871ว ฉ.2 
  Barcode: 29281
ห้องสมุดวิทยาเขตนครสวรรค์
►หนังสือทั่วไป:l:General Books
บนชั้น
3. วิทยาศาสตร์การแพทย์ และสุขภาพ
วิทยาศาสตร์การแพทย์ และสุขภาพ
WM172 บ871ว ฉ.3 
  Barcode: 29282
ห้องสมุดวิทยาเขตนครสวรรค์
►หนังสือทั่วไป:l:General Books
บนชั้น
4. วิทยาศาสตร์การแพทย์ และสุขภาพ
วิทยาศาสตร์การแพทย์ และสุขภาพ
WM172 บ871ว ฉ.4 
  Barcode: 29283
ห้องสมุดวิทยาเขตนครสวรรค์
►หนังสือทั่วไป:l:General Books
บนชั้น
5. วิทยาศาสตร์การแพทย์ และสุขภาพ
วิทยาศาสตร์การแพทย์ และสุขภาพ
WM172 บ871ว ฉ.5 
  Barcode: 29284
ห้องสมุดวิทยาเขตนครสวรรค์
►หนังสือทั่วไป:l:General Books
บนชั้น

รายการใกล้เคียง
    ผู้แต่ง [เบิร์นฮาร์ดท์, เคลาส์]

BibComment


ยังไม่เคยถูกคอมเมนท์

คอมเมนท์ทรัพยากรรายการนี้
  คอมเมนท์: วิธีเอาชนะโรควิต..


 Copyright 2026. Bcnsprnw @Library